00741nam a2200241 a 4500001001300000003000900013005001700022008004100039020001000080082001600090100002200106245007900128260003800207300000800245500003500253505003800288650002400326700002200350902000800372942000700380952009700387999001500484nice12345678IN_TiNIC20260116012341.0050524s1919 newa grp 000 0 eng  ac10000a242.2bHAR1 aHarris, Frederick aNew Venture of Faithb Suggestions for Greater Achievements Through Prayer aNew YorkbAssociation Pressc1919 a72p aincludes index and biblioraphy2 a1.Muharram Namah 2. Hilal-E-Matam aPrayer-Christianity1 aHarris, Frederick bSRS cBK 00104070aHMIbHMId2007-06-29g100.00l0o242.2 HAR1p11557r2007-06-29w2026-01-16yARB c6656d6656